header

Pro tools 101 (Record no. 87984)

MARC details
000 -LEADER
fixed length control field 01156nam a2200313Ia 4500
082 04 - DEWEY DECIMAL CLASSIFICATION NUMBER
Classification number 780.285536
245 10 - TITLE STATEMENT
Title Pro tools 101
250 ## - EDITION STATEMENT
Edition statement 3rd ed.
260 ## - PUBLICATION, DISTRIBUTION, ETC. (IMPRINT)
Place of publication Boston :
Name of publisher Thomson Course Technology,
Year of publication c2006.
300 ## - PHYSICAL DESCRIPTION
Number of Pages xxiv, 371 p. :
Other physical details ill.
500 ## - GENERAL NOTE
General note Includes index.
650 #0 - SUBJECT ADDED ENTRY--TOPICAL TERM
Topical Term Digital audio editors.
700 1# - ADDED ENTRY--PERSONAL NAME
Personal name Cook, Frank D.
856 40 - ELECTRONIC LOCATION AND ACCESS
Uniform Resource Identifier http://site.ebrary.com/lib/rucke/Doc?id=10146623

No items available.

© 2026 Rongo University
Contact us: librarian | system librarian | Rongo university